<?xml version="1.0" encoding="UTF-8"?>
<record
    xmlns:xsi="http://www.w3.org/2001/XMLSchema-instance"
    xsi:schemaLocation="http://www.loc.gov/MARC21/slim http://www.loc.gov/standards/marcxml/schema/MARC21slim.xsd"
    xmlns="http://www.loc.gov/MARC21/slim">

  <leader>01545cam a22002534a 4500</leader>
  <controlfield tag="001">13883629</controlfield>
  <controlfield tag="003">OSt</controlfield>
  <controlfield tag="005">20210203150132.0</controlfield>
  <controlfield tag="008">050111s2004    pe           f100 0 spa c</controlfield>
  <datafield tag="035" ind1=" " ind2=" ">
    <subfield code="a">(OCoLC)ocm60654995</subfield>
  </datafield>
  <datafield tag="040" ind1=" " ind2=" ">
    <subfield code="a">COO</subfield>
    <subfield code="c">CO-JMCR</subfield>
  </datafield>
  <datafield tag="041" ind1="0" ind2=" ">
    <subfield code="a">spa</subfield>
  </datafield>
  <datafield tag="042" ind1=" " ind2=" ">
    <subfield code="a">pcc</subfield>
  </datafield>
  <datafield tag="082" ind1="0" ind2="4">
    <subfield code="2">23</subfield>
    <subfield code="a">324.023 / </subfield>
    <subfield code="b">H565p</subfield>
  </datafield>
  <datafield tag="100" ind1="1" ind2=" ">
    <subfield code="a">Herrera Becerra, Ernesto, </subfield>
    <subfield code="e">autor</subfield>
    <subfield code="9">13023</subfield>
  </datafield>
  <datafield tag="245" ind1="1" ind2="2">
    <subfield code="a">De poder ejecutivo a gobierno nacional /</subfield>
    <subfield code="c">compilador, Ernesto Herrera Becerra.</subfield>
  </datafield>
  <datafield tag="260" ind1=" " ind2=" ">
    <subfield code="a">[Per&#xFA;] :</subfield>
    <subfield code="b">Congreso de la Rep&#xFA;blica,</subfield>
    <subfield code="c">2004.</subfield>
  </datafield>
  <datafield tag="300" ind1=" " ind2=" ">
    <subfield code="a">174 p&#xE1;ginas ; </subfield>
    <subfield code="c">23 cm.</subfield>
  </datafield>
  <datafield tag="505" ind1=" " ind2=" ">
    <subfield code="a">El poder ejecutivo y la reforma del estado -- Conferencia internacional -- Bienvenida -- Tendencias de las actuales reformas estatales en Latinoam&#xE9;rica -- An&#xE1;lisis comparativo de las funciones y competencias  del pode ejecutivo en pa&#xED;ses centralizados, descentralizados y federativos  -- Modernizaci&#xF3;n del poder ejecutivo y el proceso de descentralizaci&#xF3;n peruano -- Nuevas relaciones entre gobierno nacional y los gobiernos subnacionales </subfield>
  </datafield>
  <datafield tag="520" ind1=" " ind2=" ">
    <subfield code="a">Se compila las ponencias presentadas en la conferencia internacional  "El Poder Ejecutivo en el proceso de descentralizaci&#xF3;n: la agenda  pendiente", la cual cont&#xF3; con la participaci&#xF3;n de expertos del  Consejo Latinoamericano de Administraci&#xF3;n para el Desarrollo (CLAD) y de otros expositores de importante trayectoria nacional e internacional.</subfield>
  </datafield>
  <datafield tag="650" ind1="2" ind2="4">
    <subfield code="a">Decentralizaci&#xF3;n en el gobierno </subfield>
    <subfield code="z">Peru</subfield>
    <subfield code="v">Congresos </subfield>
    <subfield code="9">13024</subfield>
  </datafield>
  <datafield tag="650" ind1="2" ind2="4">
    <subfield code="a">Regionalismo</subfield>
    <subfield code="z">Peru</subfield>
    <subfield code="v">Congresos </subfield>
    <subfield code="9">13025</subfield>
  </datafield>
  <datafield tag="942" ind1=" " ind2=" ">
    <subfield code="2">ddc</subfield>
    <subfield code="c">BK</subfield>
  </datafield>
  <datafield tag="999" ind1=" " ind2=" ">
    <subfield code="c">7101</subfield>
    <subfield code="d">7101</subfield>
  </datafield>
  <datafield tag="952" ind1=" " ind2=" ">
    <subfield code="0">0</subfield>
    <subfield code="1">0</subfield>
    <subfield code="2">ddc</subfield>
    <subfield code="4">0</subfield>
    <subfield code="7">0</subfield>
    <subfield code="a">CPL</subfield>
    <subfield code="b">CPL</subfield>
    <subfield code="c">GEN</subfield>
    <subfield code="d">2020-10-02</subfield>
    <subfield code="e">Donaci&#xF3;n</subfield>
    <subfield code="l">0</subfield>
    <subfield code="o">324.023 / H565p</subfield>
    <subfield code="p">201810492</subfield>
    <subfield code="r">2024-05-16 00:00:00</subfield>
    <subfield code="t">Ej.1</subfield>
    <subfield code="w">2020-10-02</subfield>
    <subfield code="y">BK</subfield>
  </datafield>
</record>
